New forms of enterpreneurship in small and medium-size enterprises in the European Union and in the Slovak Republic

Saved in:
Bibliographic Details
Main Author: Šúbertová, Elena
Other Authors: Ondrejová, Zuzana, 1953-
Format: Book Chapter
Language:English
Tags: Add Tag
No Tags, Be the first to tag this record!

MARC

LEADER 00000nla$a2200000$$$4500
001 0060880
005 20240502071658.2
041 0 |a eng 
044 |a SK 
245 1 0 |a New forms of enterpreneurship in small and medium-size enterprises in the European Union and in the Slovak Republic  |c Elena Šúbertová, Zuzana Ondrejová 
100 1 |a Šúbertová, Elena 
700 1 |a Ondrejová, Zuzana, 1953-